Jack Reacher Quiz - Statistics

General Stats
  • This quiz has been taken 357 times
  • The average score is 6 of 12
Answer Stats
Hint Answer % Correct
What is Reachers brothers first name? Joe
78%
What is the name of the author of the Reacher Series? Lee Child
76%
Which language (other than English) is Reacher fluent in? French
72%
How tall is Reacher? 6'5"
71%
What was the number of the unit that Reacher put together? 110
63%
What was Reachers job in the military? Military Police
60%
What female character appears in more than one book to help Reacher? Frances Neagley
49%
What drink does he favour most? Coffee
46%
What year did Reacher leave the Army? 1997
32%
Who was Reachers former CO, mentor and close friend? General Leon Garber
27%
When was Reacher born? (DD/MM/YYYY) 29/10/1960
10%
Reacher was the only non-Marine to win which shooting competition? The Wimbledon Cup
3%
No matching quizzes found
Score Distribution
Percent of People with Each Score
Percentile by Number Answered
Your Score History
You have not taken this quiz